[Event "DVM U12 2010"]
[Site "Templin OT Groß Dölln GER"]
[Date "2010.12.29"]
[Round "6"]
[White "Röhlich, Philipp"]
[Black "Hamid, Emran"]
[Result "1-0"]
[Termination "normal"]
[Board "7.1"]
[WhiteElo "1711"]
[BlackElo "1750"]
[WhiteTeam "SG Trier"]
[BlackTeam "SC Pforzheim"]
[WhiteFideId "24692832"]
[BlackFideId "12903566"]
[EventCountry "GER"]
[EventRounds "7"]
[EventType "team-swiss"]
[EventDate "2010.12.26"]

1. Nf3 d5 2. g3 Nf6 3. Bg2 e6 4. O-O c5 5. c4 Be7 6. cxd5 exd5 7. d4 O-O 8.
dxc5 Bxc5 9. Qc2 Bb6 10. Rd1 Qe7 11. Nc3 Rd8 12. Bg5 Be6 13. e4 dxe4 14. Nxe4
Nbd7 15. Nd4 Rac8 16. Qe2 Bxd4 17. Rxd4 h6 18. Bf4 Nxe4 19. Qxe4 Nc5 20. Rxd8+
Rxd8 21. Qe2 Qd7 22. b3 a5 23. Be3 b6 24. Rc1 Rc8 25. Rd1 Qe7 26. Bf4 Rd8 27.
h4 Rd7 28. Bc6 Rd8 29. Rd2 Rxd2 30. Qxd2 Bf5 31. Be3 Kh7 32. Bd5 Bg6 33. b4
axb4 34. Qxb4 Qd6 35. Bf3 Qc7 36. a4 Nd7 37. Bg4 f5 38. Bh3 h5 39. Qb5 Qd6 40.
Bxf5 Qd1+ 41. Kg2 Bxf5 42. Qxf5+ Kh8 43. Qb5 Qg4 44. Qc6 Qf5 45. Kh2 Qg4 46. f3
Qf5 47. Qe4 Qf7 48. Bf2 Kg8 49. Kg2 Kh8 50. Qc6 Kh7 51. Qb7 Qe6 52. Qe4+ Qxe4
53. fxe4 Kg6 54. Kf3 Kf6 55. Bd4+ Kf7 56. Kf4 g6 57. Kg5 Nc5 58. Bxc5 bxc5 59.
Kf4 1-0

[Event "DVM U12 2010"]
[Site "Templin OT Groß Dölln GER"]
[Date "2010.12.29"]
[Round "6"]
[White "Hartmann, Martin"]
[Black "Bauer, Lukas"]
[Result "0-1"]
[Termination "normal"]
[Board "7.2"]
[WhiteElo "1259"]
[BlackElo "1571"]
[WhiteTeam "SC Pforzheim"]
[BlackTeam "SG Trier"]
[WhiteFideId "12911925"]
[BlackFideId "12907715"]
[EventCountry "GER"]
[EventRounds "7"]
[EventType "team-swiss"]
[EventDate "2010.12.26"]

1. e4 {[%emt 0:00:00]} d5 2. exd5 Nf6 3. d4 Nxd5 4. c4 Nb6 5. Nc3 g6 6. Nf3 Bg7
7. h3 O-O 8. Be2 Nc6 9. Be3 e6 10. O-O Qe7 11. Qc2 e5 12. d5 Bf5 13. Qc1 Nb4
14. g4 Bd3 15. Bxd3 Nxd3 16. Qd2 e4 17. Bxb6 axb6 18. Ne1 Nxe1 19. Rfxe1 Qh4
20. Kg2 f5 21. Qf4 fxg4 22. Qxg4 Qxf2+ 23. Kh1 Bxc3 24. bxc3 Rxa2 25. Qe6+ Rf7
26. Rxa2 Qxe1+ 27. Kh2 e3 28. Kg2 Kg7 29. Qe5+ Kh6 30. Qg3 Qf1+ 31. Kh2 Rf2+
32. Rxf2 Qxf2+ 33. Qxf2 exf2 34. Kg2 Kg5 35. Kxf2 Kf4 36. Ke2 h5 37. Kd3 g5 38.
Kd4 g4 39. hxg4 hxg4 40. c5 bxc5+ 41. Kxc5 Ke5 0-1

[Event "DVM U12 2010"]
[Site "Templin OT Groß Dölln GER"]
[Date "2010.12.29"]
[Round "6"]
[White "Bach, Marc-Andre"]
[Black "Shabani, Shabi"]
[Result "1/2-1/2"]
[Termination "normal"]
[Board "7.3"]
[WhiteElo "1682"]
[BlackElo "1233"]
[WhiteTeam "SG Trier"]
[BlackTeam "SC Pforzheim"]
[WhiteFideId "1270773"]
[EventCountry "GER"]
[EventRounds "7"]
[EventType "team-swiss"]
[EventDate "2010.12.26"]

1. e4 e5 2. Nf3 Nc6 3. Bc4 Bc5 4. c3 Nf6 5. d4 exd4 6. cxd4 Bb4+ 7. Bd2 Bxd2+
8. Nbxd2 d5 9. exd5 Nxd5 10. Qb3 Na5 11. Qa4+ c6 12. Bxd5 Qxd5 13. Rc1 b6 14.
b4 Nb7 15. Qxc6+ Qxc6 16. Rxc6 Bg4 17. Ke2 O-O 18. Rhc1 Rfe8+ 19. Kf1 h6 20.
Ne5 Be6 21. a3 Rac8 22. Rc7 Rxc7 23. Rxc7 Bd5 24. Rd7 Rd8 25. Rc7 a5 26. Ndf3
Nd6 27. Nc6 Nb5 28. Ne7+ Kf8 29. Nxd5 Rxd5 30. Rc4 Nxa3 31. Rc6 Rh5 32. bxa5
bxa5 33. Rc1 Rd5 34. Rc3 Nb5 35. Rc4 Na3 36. Ra4 Nc2 37. Rc4 Na3 38. Ra4 Nc2
39. Rc4 Na3 {Stellungswiederholung} 40. Ra4 {Stellungswiederholung} 1/2-1/2

[Event "DVM U12 2010"]
[Site "Templin OT Groß Dölln GER"]
[Date "2010.12.29"]
[Round "6"]
[White "Schesler, Rudolf"]
[Black "Kasel, Mario"]
[Result "0-1"]
[Termination "normal"]
[Board "7.4"]
[WhiteElo "841"]
[BlackElo "1347"]
[WhiteTeam "SC Pforzheim"]
[BlackTeam "SG Trier"]
[BlackFideId "24660957"]
[EventCountry "GER"]
[EventRounds "7"]
[EventType "team-swiss"]
[EventDate "2010.12.26"]

1. e4 e5 2. Nf3 Nc6 3. Bc4 Bc5 4. d3 Nf6 5. Nc3 d6 6. Nd5 Nxd5 7. Bxd5 Bg4 8.
h3 Bh5 9. Bd2 Nd4 10. O-O Nxf3+ 11. gxf3 c6 12. Bc4 Qh4 13. Qe1 Qxh3 14. f4 Bf3
15. Bxf7+ Kxf7 16. fxe5 Qg2# 0-1

[Event "DVM U12 2010"]
[Site "Templin OT Groß Dölln GER"]
[Date "2010.12.29"]
[Round "6"]
[White "Wastian, Jan"]
[Black "Wegmann, Sven"]
[Result "1-0"]
[Termination "normal"]
[Board "8.2"]
[WhiteElo "1409"]
[BlackElo "1656"]
[WhiteTeam "SF Brackel"]
[BlackTeam "SC Erlangen"]
[WhiteFideId "12911640"]
[BlackFideId "1270756"]
[EventCountry "GER"]
[EventRounds "7"]
[EventType "team-swiss"]
[EventDate "2010.12.26"]

1. e4 c5 2. c3 b6 3. d4 Bb7 4. e5 d6 5. exd6 exd6 6. Nf3 Nd7 7. Bd3 Be7 8. O-O
Ngf6 9. Bg5 O-O 10. Nbd2 Re8 11. Re1 Qc7 12. Qc2 h6 13. Bh4 Nf8 14. Rac1 Nd5
15. Bb5 Bc6 16. Bxc6 Qxc6 17. Bxe7 Nxe7 18. Qe4 Qxe4 19. Rxe4 Neg6 20. Rce1
Red8 21. d5 Nh7 22. c4 Nf6 23. R4e3 a6 24. Rb1 b5 25. b3 Re8 26. Rbe1 Red8 27.
h3 Rab8 28. Rb1 Kf8 29. Kf1 Rb7 30. Ree1 Nf4 31. Ne4 Nxe4 32. Rxe4 Ng6 33. Nd2
Kg8 34. Rbe1 Rbb8 35. g3 bxc4 36. Nxc4 Kh7 37. f4 Nf8 38. Re7 Kg8 39. Ra7 Ng6
40. Rxa6 Ra8 41. Rxa8 Rxa8 42. Re2 Rd8 43. a4 Rb8 44. Rb2 Ne7 45. Ne3 Ra8 46.
Ra2 Ra6 47. Ke2 Kf8 48. Kd3 Ke8 49. Kc4 Kd7 50. Kb5 Ra8 51. a5 Nc8 52. Nc4 Rb8+
53. Ka4 Ra8 54. Rb2 Kc7 55. b4 cxb4 56. Rxb4 Ra6 57. Rb3 g6 58. g4 Ne7 59. Nb6
Ra7 60. Kb5 Rb7 61. Rc3+ Kb8 62. Rd3 Kc7 63. Rd1 Kd8 64. a6 Ra7 65. Rc1 f6 66.
Rc4 g5 67. f5 Ke8 68. Nc8 Ra8 69. Nxe7 Kxe7 70. Rc7+ Kd8 71. Kb6 Rb8+ 72. Rb7
Kc8 73. Rxb8+ Kxb8 74. Kc6 Ka7 75. Kxd6 Kxa6 76. Ke7 Kb6 77. d6 Kc5 78. d7 Kd4
79. d8=Q+ Ke3 80. Qd6 Kf3 81. Qxf6 h5 82. gxh5 Kg3 83. Qxg5+ Kf3 84. h6 Ke2 85.
h7 Kd3 86. h8=R Kd4 87. Qg4+ Ke5 88. f6 Kd5 89. Rd8+ Kc6 90. Qc4+ Kb7 91. Rd7+
Kb8 92. Qc7+ Ka8 93. Qa7# 1-0

[Event "DVM U12 2010"]
[Site "Templin OT Groß Dölln GER"]
[Date "2010.12.29"]
[Round "6"]
[White "Wegmann, Simon"]
[Black "Hlopotov, Nikita"]
[Result "1/2-1/2"]
[Termination "normal"]
[Board "8.3"]
[WhiteElo "1394"]
[BlackElo "1318"]
[WhiteTeam "SC Erlangen"]
[BlackTeam "SF Brackel"]
[WhiteFideId "1270758"]
[BlackFideId "12964794"]
[EventCountry "GER"]
[EventRounds "7"]
[EventType "team-swiss"]
[EventDate "2010.12.26"]

1. e4 e5 2. d4 exd4 3. Nf3 Nc6 4. Nxd4 Nf6 5. Nxc6 bxc6 6. Nc3 Bb4 7. Bd3 O-O
8. O-O d5 9. e5 Nd7 10. f4 Nc5 11. Be2 f6 12. a3 Bxc3 13. bxc3 Ne4 14. Qd3 Bf5
15. g4 Bd7 16. Be3 fxe5 17. fxe5 Qb8 18. c4 Bxg4 19. cxd5 Bxe2 20. Qxe2 Nc3 21.
Qg2 Nxd5 22. Bf2 Qb6 23. Bc5 Rxf1+ 24. Rxf1 Ne3 25. Bxe3 Qxe3+ 26. Kh1 Qxe5 27.
Qxc6 Re8 28. Qd7 Rf8 29. Rxf8+ Kxf8 30. Qd8+ Kf7 31. Qd7+ Kg6 32. Qg4+ Qg5 33.
Qe6+ Kh5 34. Qh3+ Qh4 35. Qf5+ g5 36. Qxh7+ Kg4 37. Qe4+ Kh5 38. Qh7+ 1/2-1/2

[Event "DVM U12 2010"]
[Site "Templin OT Groß Dölln GER"]
[Date "2010.12.29"]
[Round "6"]
[White "Thiemann, Marc"]
[Black "Tong, Kevin"]
[Result "1/2-1/2"]
[Termination "normal"]
[Board "8.4"]
[WhiteElo "1099"]
[BlackElo "1407"]
[WhiteTeam "SF Brackel"]
[BlackTeam "SC Erlangen"]
[BlackFideId "12913944"]
[EventCountry "GER"]
[EventRounds "7"]
[EventType "team-swiss"]
[EventDate "2010.12.26"]

1. e4 c5 2. d3 d6 3. Nf3 Nc6 4. g3 g6 5. Bg2 Bg7 6. O-O Nf6 7. Nh4 O-O 8. f4
Bg4 9. Bf3 Bxf3 10. Qxf3 Nd4 11. Qg2 Qb6 12. c3 Nc6 13. Be3 Qc7 14. Nd2 b5 15.
f5 Ng4 16. Qe2 Nxe3 17. Qxe3 a5 18. a3 b4 19. Rac1 Rab8 20. Ndf3 Rfc8 21. d4
cxd4 22. cxd4 Qa7 23. Rfd1 bxa3 24. bxa3 a4 25. Kh1 Rb3 26. Rc3 Rxc3 27. Qxc3
Qa6 28. Qe1 Na5 29. e5 d5 30. Qb4 Nc6 31. Qe1 Bh6 32. e6 Nd8 33. exf7+ Kxf7 34.
fxg6+ hxg6 35. Ne5+ Kg7 36. Nexg6 Qe6 37. Qxe6 Nxe6 38. Nxe7 Rc3 39. Nxd5 Rxa3
40. Nf5+ Kh7 41. Nxh6 Kxh6 42. Nb6 Ra2 43. d5 Nd8 44. Nc4 a3 45. h4 Kh5 46. d6
Kg6 47. g4 Kg7 48. d7 Kg8 49. g5 Kg7 50. h5 Re2 51. Nxa3 Re5 52. h6+ Kh7 53.
Rg1 Re7 54. Kh2 Rxd7 55. Nc4 Ne6 56. Ne5 Rc7 57. Nf7 Kg6 58. Ne5+ Kh7 1/2-1/2

[Event "DVM U12 2010"]
[Site "Templin OT Groß Dölln GER"]
[Date "2010.12.29"]
[Round "6"]
[White "Engert, Marvin"]
[Black "Niediek, Cedric"]
[Result "1-0"]
[Termination "normal"]
[Board "9.1"]
[WhiteElo "1631"]
[BlackElo "1715"]
[WhiteTeam "SG Turm Leipzig"]
[BlackTeam "LSV Turm Lippstadt"]
[WhiteFideId "12901164"]
[EventCountry "GER"]
[EventRounds "7"]
[EventType "team-swiss"]
[EventDate "2010.12.26"]

1. e4 c5 2. Nc3 Nc6 3. f4 e6 4. Nf3 a6 5. a4 d5 6. e5 Nge7 7. d3 g6 8. g4 Bg7
9. Bh3 f6 10. exf6 Bxf6 11. O-O O-O 12. Qe1 Nd4 13. Nxd4 Bxd4+ 14. Kh1 Re8 15.
Ne2 Bg7 16. c3 b6 17. d4 cxd4 18. Nxd4 Bxd4 19. cxd4 Nc6 20. Qf2 Rf8 21. Re1
Qd6 22. Bd2 Bd7 23. Rg1 Kh8 24. Ra3 Qc7 25. Bf1 e5 26. dxe5 Nxe5 27. Qd4 Bxg4
28. Rxg4 Qg7 29. Bc3 Rae8 30. Qg1 Qd7 31. Bxe5+ Rxe5 32. fxe5 Qf7 33. Rgg3 Qxf1
34. Qxf1 Rxf1+ 35. Kg2 Rb1 36. Rab3 Ra1 37. e6 Rxa4 38. e7 Re4 39. Rbe3 Rxe7
40. Rxe7 Kg8 41. Rc3 Kf8 42. Ra7 1-0

[Event "DVM U12 2010"]
[Site "Templin OT Groß Dölln GER"]
[Date "2010.12.29"]
[Round "6"]
[White "Reale, Salvatore"]
[Black "Hummel, Felician"]
[Result "0-1"]
[Termination "normal"]
[Board "9.2"]
[WhiteElo "1332"]
[BlackElo "1509"]
[WhiteTeam "LSV Turm Lippstadt"]
[BlackTeam "SG Turm Leipzig"]
[BlackFideId "16200489"]
[EventCountry "GER"]
[EventRounds "7"]
[EventType "team-swiss"]
[EventDate "2010.12.26"]

1. c4 Nf6 2. Nc3 g6 3. g3 Bg7 4. Bg2 d6 5. e4 e5 6. Nge2 O-O 7. d3 Nbd7 8. O-O
Ne8 9. d4 f5 10. f4 exd4 11. Nxd4 Nb6 12. Qb3 Bxd4+ 13. Kh1 c5 14. Rd1 Rb8 15.
e5 Be6 16. Nd5 Kh8 17. Re1 Ng7 18. Be3 dxe5 19. fxe5 Bxe3 20. Rxe3 Nd7 21. Rd1
Rf7 22. Nc3 Qb6 23. Nb5 Ne8 24. Nd6 Nxd6 25. exd6 Qxb3 26. axb3 Nf8 27. Re5 Rc8
28. Bd5 Bxd5+ 29. Rdxd5 Nd7 30. Re7 Kg7 31. h4 Kf8 32. Re1 Re8 33. Ra1 a6 34.
b4 Rc8 35. b5 Nb6 36. Rd3 Nxc4 37. bxa6 bxa6 38. Rxa6 Rd7 39. b3 Ne5 40. Rc3
Nf7 41. b4 c4 42. b5 Rxd6 43. b6 Nd8 44. Kh2 Rdc6 45. Ra4 Nb7 46. Rb4 Kf7 47.
Kg2 Kf6 48. Kf3 h6 49. g4 g5 50. h5 f4 51. Ke4 Ke6 52. Kd4 Rd8+ 53. Ke4 Nd6+
54. Kf3 Rb8 55. Kg2 Rbxb6 56. Ra4 Ra6 57. Rxa6 Rxa6 58. Kf3 Rb6 59. Ke2 Rb2+
60. Ke1 Rb3 61. Rc2 Rg3 62. Rh2 c3 63. Re2+ Re3 0-1

[Event "DVM U12 2010"]
[Site "Templin OT Groß Dölln GER"]
[Date "2010.12.29"]
[Round "6"]
[White "Storch, Domenic"]
[Black "Pusch, Moritz"]
[Result "1-0"]
[Termination "normal"]
[Board "9.3"]
[WhiteElo "1447"]
[BlackElo "832"]
[WhiteTeam "SG Turm Leipzig"]
[BlackTeam "LSV Turm Lippstadt"]
[WhiteFideId "16200470"]
[EventCountry "GER"]
[EventRounds "7"]
[EventType "team-swiss"]
[EventDate "2010.12.26"]

1. d4 d5 2. c4 c6 3. cxd5 cxd5 4. Nc3 Nf6 5. Nf3 Bf5 6. Bg5 e6 7. e3 h6 8. Bh4
Be7 9. Bd3 Bxd3 10. Qxd3 O-O 11. O-O Nc6 12. a3 Qd6 13. Bg3 Qd8 14. b4 a6 15.
Rac1 Re8 16. Ne5 Nxe5 17. dxe5 Nh5 18. Ne2 Bh4 19. Rc2 Nxg3 20. hxg3 Bg5 21. f4
Bxf4 22. gxf4 Qh4 23. Rfc1 Qd8 24. Nd4 Qd7 25. Rc7 Qd8 26. Rxb7 Rc8 27. Nc6 Qh4
28. Ne7+ Rxe7 29. Rxc8+ Re8 30. Rxe8# 1-0

[Event "DVM U12 2010"]
[Site "Templin OT Groß Dölln GER"]
[Date "2010.12.29"]
[Round "6"]
[White "Stryschik, Tobias"]
[Black "Erxleben, Carl-Anton"]
[Result "0-1"]
[Termination "normal"]
[Board "9.4"]
[WhiteElo "825"]
[BlackElo "1056"]
[WhiteTeam "LSV Turm Lippstadt"]
[BlackTeam "SG Turm Leipzig"]
[EventCountry "GER"]
[EventRounds "7"]
[EventType "team-swiss"]
[EventDate "2010.12.26"]

1. e4 d5 2. exd5 Nf6 3. c4 c6 4. Nc3 cxd5 5. cxd5 Nxd5 6. Nxd5 Qxd5 7. Qf3 e6
8. b3 Qe5+ 9. Qe2 Qxa1 10. Qb5+ Nc6 11. Kd1 Ba3 12. Qc4 Bxc1 13. Qxc1 Qxc1+ 14.
Kxc1 O-O 15. Ne2 e5 16. g3 Bg4 17. a3 Rac8 18. b4 Rc7 19. b5 Nd4+ 20. Nc3 Nf3
21. Bg2 Rd8 22. Bxf3 Bxf3 23. Re1 f6 24. Re3 Bg4 25. f3 Be6 26. f4 Bg4 27. fxe5
fxe5 28. Rxe5 Bd7 29. Kd1 Re8 30. Rh5 Bg4+ 0-1